| 000 | 02420nam a2200637 i 4500 | ||
|---|---|---|---|
| 001 | 991053160417305066 | ||
| 003 | NyNyJPI | ||
| 005 | 20260408154922.0 | ||
| 008 | 251114s2025 pl co |000 0 pol c | ||
| 009 | b1000007526673 | ||
| 015 | _aUWD 2025/39257 | ||
| 020 |
_a9788377044216 _q(oprawa twarda) |
||
| 035 | _a(PL)b1000007526673 | ||
| 035 | _a(EXLNZ-48OMNIS_NETWORK)9915214876205606 | ||
| 040 |
_aWA N _cWA N _dWA N _dWA 392 _dKR U _dWA N _dLUBL KUL _dWR U |
||
| 045 | 2 |
_bd1945 _bd2025 |
|
| 046 | _k2025 | ||
| 080 |
_81.1\x _a94(100)"1939/1945":341.322.5 |
||
| 080 |
_81.2\x _a394.4(438) |
||
| 080 |
_81.3\x _a(084.1) |
||
| 084 | _a15 | ||
| 245 | 0 | 0 |
_a80. rocznica wyzwolenia Auschwitz / _c[fotografie: Bartosz Bartyzel, Wojciech Grabowski, Marek Lach, Łukasz Lipiński, Paweł Sawicki, Grzegorz Skowronek, Michał Woźny ; redakcja i wybór zdjęć: Bartosz Bartyzel, Paweł Sawicki]. |
| 246 | 3 | _aOsiemdziesiąta rocznica wyzwolenia Auschwitz | |
| 260 |
_aOświęcim : _bPaństwowe Muzeum Auschwitz-Birkenau, _c2025. |
||
| 300 |
_a155, [1] strona : _bfotografie, portrety ; _c23x24 cm. |
||
| 336 |
_aObraz _bsti _2rdacontent |
||
| 336 |
_aTekst _btxt _2rdacontent |
||
| 337 |
_aBez urządzenia pośredniczącego _bn _2rdamedia |
||
| 338 |
_aWolumin _bnc _2rdacarrier |
||
| 380 | _aKsiążki | ||
| 380 | _aAlbumy i książki artystyczne | ||
| 388 | 1 | _a2001- | |
| 500 | _aCałość w pudełku. | ||
| 610 | 2 | 7 |
_aAuschwitz-Birkenau (niemiecki obóz koncentracyjny) _2DBN |
| 610 | 2 | 7 |
_aPaństwowe Muzeum Auschwitz-Birkenau _2DBN |
| 648 | 7 |
_a1901-2000 _2DBN |
|
| 648 | 7 |
_a1939-1945 _2DBN |
|
| 648 | 7 |
_a2001- _2DBN |
|
| 650 | 7 |
_aHolokaust _2DBN |
|
| 650 | 7 |
_aLudobójstwo niemieckie (1939-1945) _2DBN |
|
| 650 | 7 |
_aOcaleni z Holokaustu _2DBN |
|
| 650 | 7 |
_aRocznice _2DBN |
|
| 650 | 7 |
_aUpamiętnianie _2DBN |
|
| 651 | 7 |
_aOświęcim (woj. małopolskie) _2DBN |
|
| 655 | 7 |
_aAlbum _2DBN |
|
| 658 | _aHistoria | ||
| 700 | 1 |
_aBartyzel, Bartosz _eFotografie _eRedakcja _eWybór |
|
| 700 | 1 |
_aGrabowski, Wojciech _c(fotograf) _eFotografie |
|
| 700 | 1 |
_aLach, Marek _eFotografie |
|
| 700 | 1 |
_aLipiński, Łukasz _c(fotograf) _eFotografie |
|
| 700 | 1 |
_aSawicki, Paweł _eFotografie _eRedakcja _eWybór |
|
| 700 | 1 |
_aSkowronek, Grzegorz _d(1973- ) _eFotografie |
|
| 700 | 1 |
_aWoźny, Michał _c(fotograf) _eFotografie |
|
| 710 | 2 |
_aPaństwowe Muzeum Auschwitz-Birkenau _eWydawca _4pbl |
|
| 942 |
_2z _cBK _n0 |
||
| 999 |
_c91079 _d91079 |
||